| 000 | 01175nam a2200361 c 4500 | ||
|---|---|---|---|
| 001 | 59726 | ||
| 003 | CO-BoRNBP | ||
| 005 | 20251030153325.0 | ||
| 007 | ta | ||
| 008 | 210819r20122019ck er 000 0dspa d | ||
| 020 | _a9789582010676 | ||
| 040 |
_aCO-BoRNBP _bspa _erda _cCO-BoRNBP |
||
| 041 | 0 | _aspa | |
| 043 | _as-ck--- | ||
| 082 | 0 | 4 |
_a523.1 _bT67u _222 |
| 100 |
_aTorres Arzayús, Sergio _eaut _966445 |
||
| 245 | 1 | 3 |
_aEl universo : _bBig bang, materia oscura, estrellas, galaxias, vida / _cSergio Torres Arzayús. |
| 250 |
_aPrimera edición _bReimpresión |
||
| 264 | 1 |
_aBogotá, Colombia : _bCooperativa Editorial Magisterio, _c2019 |
|
| 300 | _a110 páginas | ||
| 336 |
_atexto _btxt _2rdacontent |
||
| 337 |
_asin mediación _bn _2rdamedia |
||
| 338 |
_avolumen _bnc _2rdacarrier |
||
| 490 | 0 | _aSabiduría breve | |
| 521 | _aRecomendado para un público adulto | ||
| 545 | _aIncluye datos biográficos del autor en la solapa | ||
| 650 | 0 | 7 |
_aCiencias del espacio _2LEMB _966442 |
| 650 | 0 | 7 |
_aCosmografía _2LEMB _910155 |
| 650 | 0 | 7 |
_aSistema solar _2lemb _93745 |
| 650 | 0 | 7 |
_aTeoría del big bang _2lemb _966446 |
| 650 | 0 | 7 |
_aAstronomia _2LEMB |
| 942 |
_2ddc _cBK |
||
| 999 |
_c59726 _d59726 |
||